000 00325 a2200145 4500
001 184806
020 _a85-87420-50-X
040 _cMagnum
100 _aGuttmannn, Mônica
240 1 0 _aA lata de sentimentos
_lpor
245 1 0 _aA lata de sentimentos
300 _a
697 _aLITERATURA INFANTO-JUVENIL
942 _cBK
999 _c184806
_d184806